| 000 | 00706nam a22002177a 4500 | ||
|---|---|---|---|
| 999 |
_c5852 _d5852 |
||
| 003 | AR-CdUCM | ||
| 008 | 190313b ||||| |||| 00| 0 spa d | ||
| 040 |
_aMUNICIPALIDAD PROVINCIAL DEL CUSCO _cBIBLIOTECA MUNICIPAL DEL CUSCO |
||
| 082 |
_a869.56 / _bF64 |
||
| 100 |
_aFlorian, Mario _914609 |
||
| 245 | _aCantar de Ollantaytambo / | ||
| 260 |
_aLima : . _bTalleres Gráficos Industrial gráfica, _c1966. |
||
| 300 | _c30 cm. | ||
| 500 | _aDonación de la familia Nieto. Libro sin numeración. | ||
| 505 | _aContenido :Canto a Ollantaytambo. | ||
| 650 |
_aPoesías peruanas _91481 |
||
| 650 |
_aPoesía cusqueña _92323 |
||
| 650 |
_aLiteratura cusqueña _9164 |
||
| 942 |
_2ddc _cLIBROS |
||
| 945 | _arum | ||